| 000 | 00000nam##2200000za#4500 |
| 001 | 9.689291 |
| 003 | CaOODSP |
| 005 | 20210624231829 |
| 007 | cr ||||||||||| |
| 008 | 150407|2007||||xxc|||||o f|0| 0 eng|d |
| 020 | |a978-0-662-45116-7 |
| 040 | |aCaOODSP|beng |
| 043 | |an-cn--- |
| 086 | 1 |aHS28-72/2007E-PDF |
| 110 | 1 |aCanada. |bHuman Resources and Social Development Canada. |
| 245 | 10|aHelp wanted - bridging the gap between immigrants and employers : |h[electronic resource]|bfinal report / |c[prepared by] SP Consulting and The Wheststone Group. |
| 260 | |aGatineau - Quebec : |bHuman Resources and Social Development Canada |cJune 2006. |
| 300 | |a121p.|bfig., references, tables |
| 546 | |a(Résumé et sommaire en français.) |
| 590 | |a13-05-Supp|b2013-02-27 |
| 690 | 07|aEmployers|2gcpds |
| 690 | 07|aImmigrants|2gcpds |
| 856 | 40|ahttp://publications.gc.ca|qPDF|s469 KB|uhttps://publications.gc.ca/collections/collection_2013/rhdcc-hrsdc/HS28-72-2007-eng.pdf |
| 986 | |aSP-673-06-06E |